书目信息 |
| 书名: | Electronic tools for translators = | |
| 作者: | Frank Austermühl著. | |
| 分册号: | ||
| 分册名: | 出版地: | Beijing : |
|
| 出版社: | Foreign Language Teaching and Research Press | |
| 出版时间: | 2006. | |
| 页数: | xiv, 192 p. : | |
| 开本: | 25 cm. | |
| 丛书名: | 外研社翻译研究文库 | |
| 中图分类号: | ||
| 科图分类号: | ||
| 其他分类号: | H059 | |
| 主题词: | ||
| 电子资源: | ||
| 000 | 01352cam a2200493 a 4500 | |
| 001 | E0734800748 | |
| 003 | CAL | |
| 005 | 20070818094213.64 | |
| 008 | 061205r20062001cc a b 001 0 eng d | |
| 020 | @a7560059511 :@cCNY21.90. | |
| 040 | @aCCNU@cCCNU@dPUL | |
| 090 | @aH059 | |
| 093 | @aH085@24 | |
| 099 | @dH059@ex18:6 | |
| 100 | 1 | @aAustermühl, Frank. |
| 245 | 10 | @aElectronic tools for translators = :@b译者的电子工具 / @cFrank Austermühl著. |
| 246 | 31 | @a译者的电子工具 |
| 260 | @aBeijing :@bForeign Language Teaching and Research Press,@c2006. | |
| 300 | @axiv, 192 p. :@bill. ;@c25 cm. | |
| 440 | 0 | @a外研社翻译研究文库 |
| 504 | @aIncludes bibliographical references (p. [182]-187) and index. | |
| 534 | @pReprint. Originally published:@cManchester : St. Jerome, c2001. | |
| 650 | 0 | @aMachine translating. |
| 920 | @a211020@z1 | |
| 920 | @a242250@z2 | |
| 920 | @a212020@z1 | |
| 920 | @a231220@z1 | |
| 920 | @a233020@z1 | |
| 920 | @a211130@z1 | |
| 920 | @a211410@z1 | |
| 920 | @a211030@z2 | |
| 920 | @a242030@z2 | |
| 920 | @a211070@z1 | |
| 920 | @a215010@z2 | |
| 920 | @a212010@z1 | |
| 920 | @a242010@z1 | |
| 920 | @a223130@z2 | |
| 920 | @a251010@z1 | |
| 920 | @a221010@z2 | |
| 920 | @a244290@z1 | |
| 920 | @a244180@z2 | |
| 920 | @a261030@z2 | |
| 920 | @a211010@z2 | |
| 998 | @aCCNU | |
| Electronic tools for translators = : : 译者的电子工具 / / Frank Austermühl著.-Beijing : : Foreign Language Teaching and Research Press, , 2006. |
| xiv, 192 p. : : ill. ; ; 25 cm.- (外研社翻译研究文库) |
| Includes bibliographical references (p. [182]-187) and index. |
| ISBN 7560059511 :CNY21.90. |
| ● |
| 相关链接 |
|
|
|
|
正题名:Electronic tools for translators =
索取号:H059/x18:6
 
预约/预借
| 序号 | 登录号 | 条形码 | 馆藏地/架位号 | 状态 | 备注 |
| 1 | 0016466 | 300164667 | 第二样本阅览室/ [索取号:H059/x18:6] | 在馆 | |
| 2 | 0016467 | 300164676 | 第四借阅区/ [索取号:H059/x18:6] | 在馆 | |
| 3 | 0016468 | 300164685 | 第四借阅区/ [索取号:H059/x18:6] | 在馆 | |
| 4 | 0016469 | 300164694 | 第四借阅区/ [索取号:H059/x18:6] | 在馆 | |
| 5 | 0016470 | 300164701 | 第四借阅区/ [索取号:H059/x18:6] | 在馆 |